| 000 | 01031cab a22001935a 4500 | ||
|---|---|---|---|
| 001 | L148191 | ||
| 008 | 090818e20090814xxkd f 000 0 eng d | ||
| 035 | _a(Sirsi) u148191 | ||
| 041 | 0 | _aeng | |
| 100 | 1 | _aNeale, Jon | |
| 245 | 0 | 4 | _aThe harder they fall |
| 260 | _c2009 | ||
| 490 | 0 |
_aProperty Week _v75 (32) 14 August 2009, 32 (1) |
|
| 520 | _aHighlights a strong fall in land values (by 55%) and house prices (by 16%) in the West Midlands but reports that prices have stabilised over the last few months. Stoke-on-Trent reports the least changes in land values. At the other end of the scale, Coventry shows the most changes due to a boom in city centre residential schemes before the recession. Housebuilders and other developers are returning to the region as active buyers. Private investors and housing associations have the strongest presence on the market. | ||
| 590 | _aKA | ||
| 651 | 4 |
_aWest Midlands (England) (Region) _y1994- |
|
| 690 | _aPROPERTY-RESIDENTIAL PROPERTY-RESIDENTIAL PROPERTY MARKET | ||
| 942 | _n0 | ||
| 999 |
_c81744 _d81744 |
||